[Event "Girona op A"]
[Site "Girona"]
[Date "2015.05.??"]
[Round "3.9"]
[White "Saurina Colomer, Carles"]
[Black "Merino Palomino, Carlos"]
[Result "1-0"]
[WhiteElo "1702"]
[BlackElo "1709"]
[PlyCount "65"]
[EventDate "2015.05.09"]
[EventType "tourn"]
[EventRounds "8"]
[EventCountry "ESP"]
[SourceTitle "EXT 2024"]
[Source "ChessBase"]
[SourceDate "2023.10.10"]
[SourceVersion "1"]
[SourceVersionDate "2023.10.10"]
[SourceQuality "1"]

1. e4 e5 2. Bc4 Nf6 3. d3 Nc6 4. Nf3 Bc5 5. 0-0 0-0 6. Bg5 h6 7. Bxf6 Qxf6 8. Nbd2 Nd4 9. c3 Nxf3+ 10. Nxf3 d6 11. d4 exd4 12. cxd4 Bb6 13. h3 c5 14. e5 dxe5 15. dxe5 Qf4 16. Qb3 Qf5 17. Rfe1 Be6 18. Nh2 Bc7 19. f4 Bxc4 20. Qxc4 b6 21. g4 Qe6 22. Qa4 a6 23. Rad1 b5 24. Qa3 Bb6 25. Rd6 Qc4 26. Rxb6 Qd4+ 27. Re3 Qd1+ 28. Kg2 Rad8 29. Rd6 b4 30. Qxa6 Ra8 31. Qc4 Qb1 32. Ra6 Rxa6 33. Qxa6 1-0

[Event "Catalunya-ch U14"]
[Site "Saragosa"]
[Date "2014.02.01"]
[Round "5.7"]
[White "Merino Palomino, Carlos"]
[Black "Rovira Vila, Jaume"]
[Result "0-1"]
[WhiteElo "1700"]
[BlackElo "1795"]
[PlyCount "35"]
[EventDate "2014.01.25"]
[EventType "swiss"]
[EventRounds "8"]
[EventCountry "ESP"]
[SourceTitle "EXT 2024"]
[Source "ChessBase"]
[SourceDate "2023.10.10"]
[SourceVersion "1"]
[SourceVersionDate "2023.10.10"]
[SourceQuality "1"]

1. e4 c6 2. d4 d5 3. Nc3 dxe4 4. Nxe4 Bf5 5. Bd3 Qxd4 6. Qe2 Bxe4 7. Bxe4 Nf6 8. Bd3 e6 9. Nf3 Qb6 10. 0-0 Be7 11. b3 Nbd7 12. Be3 Bc5 13. Bxc5 Nxc5 14. Rad1 Nxd3 15. Rxd3 0-0 16. h3 Rad8 17. Rdd1 Rxd1 18. Rxd1 0-1